Sector informal: funcionamiento y políticas

Saved in:
Bibliographic Details
Corporate Authors: PREALC (Author), OIT (Author)
Format: Book
Language:Spanish
Published: Santiago OIT 1978
Subjects:
Tags: Add Tag
No Tags, Be the first to tag this record!

MARC

LEADER 00000nam a2200000 a 4500
001 UCR9409
003 CL-VaPUC
008 980613e19780000CL |||||||||||||||||spa|d
082 0 4 |a 331.098  |b PRE  |2 21 
110 2 |a PREALC  |e author  |9 411924 
710 2 |a OIT  |e author  |9 411925 
245 1 0 |a Sector informal: funcionamiento y políticas 
300 |a 369 p 
942 |c BK 
945 |d 19980613 00:00:00  |a crobeson 
260 |a Santiago  |b OIT  |c 1978 
650 0 |a Empleo  |9 339124 
650 7 |a POLITICAS LABORALES  |2 CL-VaPUC  |9 411926 
650 7 |a SECTOR INFORMAL  |2 CL-VaPUC  |9 411891 
650 7 |a SECTOR FORMAL  |2 CL-VaPUC  |9 411927 
650 0 |a Mercado laboral   |9 375911 
650 0 |a Desempleo   |9 257579 
651 0 |a América Latina   |9 255027 
583 |a last modification  |c 19980613 00:00:00  |k Rodrigo Vera 
999 |c 270607  |d 270605 
952 |0 0  |1 0  |4 0  |6 331_098000000000000_PRE_1978  |7 0  |8 A  |9 304943  |a BIBENE  |b BIBENE  |d 2019-11-20  |i 1411969  |o 331.098 PRE 1978  |p 1411969  |r 2025-01-15  |w 2019-11-20  |y BK  |k ICO